Nástroje sociálnej politiky ako faktory determinujúce prílev priamych zahraničných investícií bakalárska práca

Salvato in:
Dettagli Bibliografici
Autore principale: Čečová, Laura
Enti autori: Národohospodárska fakulta EU. Katedra ekonómie, Univerzita Komenského v Bratislave. Právnická fakulta
Altri autori: Darmo, Ľubomír, 1984-
Natura: Libro
Lingua:slovacco
Pubblicazione: Bratislava 2021
Tags: Aggiungi Tag
Nessun Tag, puoi essere il primo ad aggiungerne!!

MARC

LEADER 00000nbm a2200000 4500
001 0275264
005 20220121143651.4
041 0 |a slo 
044 |a SK 
245 1 0 |a Nástroje sociálnej politiky ako faktory determinujúce prílev priamych zahraničných investícií  |b bakalárska práca  |c Laura Čečová ; školiteľ: Ľubomír Darmo 
264 1 |a Bratislava  |c 2021 
300 |a 53 s. 
100 1 |a Čečová, Laura 
700 1 |a Darmo, Ľubomír, 1984- 
710 2 |a Národohospodárska fakulta EU. Katedra ekonómie 
710 2 |a Univerzita Komenského v Bratislave. Právnická fakulta